| 000 | 00428 a2200133 4500 | ||
|---|---|---|---|
| 020 | _a8492017708 | ||
| 082 |
_a720 _bOT88o |
||
| 100 |
_aEsposito, Roberto _91137 |
||
| 245 |
_aOtra mirada sobre la p̌oca _cFrancisco Jarauta (ed.) |
||
| 260 |
_aMurcia: _bColegio Oficial de Aparejadores y Arquitectos Tčnicos _c1994 |
||
| 300 |
_a291 p. _c19 cm |
||
| 440 |
_aColeccin̤ de Arquitectura _n29 _94115 |
||
| 650 |
_aArquitectura _xEnsayos _91138 |
||
| 999 |
_c245 _d245 |
||